Two exercises for exploring the relationships among Jungian psychological types, organizational ideals, and organizational politics perceptions (Record no. 60624)

000 -LEADER
fixed length control field 00500pab a2200157 454500
008 - FIXED-LENGTH DATA ELEMENTS--GENERAL INFORMATION
fixed length control field 180718b2004 xxu||||| |||| 00| 0 eng d
100 ## - MAIN ENTRY--PERSONAL NAME
Personal name Boozer, Robert W.
245 ## - TITLE STATEMENT
Title Two exercises for exploring the relationships among Jungian psychological types, organizational ideals, and organizational politics perceptions
260 ## - PUBLICATION, DISTRIBUTION, ETC.
Date of publication, distribution, etc. 2004
300 ## - PHYSICAL DESCRIPTION
Extent p.390-403.
362 ## - DATES OF PUBLICATION AND/OR SEQUENTIAL DESIGNATION
Dates of publication and/or sequential designation Jun
650 ## - SUBJECT ADDED ENTRY--TOPICAL TERM
Topical term or geographic name entry element Organizations
700 ## - ADDED ENTRY--PERSONAL NAME
Personal name Monique, Forte
773 ## - HOST ITEM ENTRY
Main entry heading Journal of Management Education
909 ## -
-- 60624
Holdings
Withdrawn status Lost status Damaged status Not for loan Permanent Location Current Location Date acquired Serial Enumeration / chronology Barcode Date last seen Price effective from Koha item type
        Indian Institute of Public Administration Indian Institute of Public Administration 2018-07-19 Volume no: 28, Issue no: 3 AR61070 2018-07-19 2018-07-19 Articles

Powered by Koha